Statistics for Countries with the Lowest Life Expectancy

Click here to take the quiz!

General Stats

  • This quiz has been taken 183 times
  • The average score is 15 of 20

Answer Stats

RankLife ExpectancyCountry% Correct
1461.60D.R. Congo
90%
255.17Chad
89%
455.75Nigeria
86%
658.34Somalia
86%
154.36Central African Republic
84%
758.74South Sudan
81%
1260.54Mali
79%
1962.64Guinea
77%
1562.13Togo
72%
1862.22Angola
71%
555.92Sierra Leone
71%
2062.71Burundi
70%
1160.32Cameroon
70%
355.65Lesotho
70%
1762.16Zimbabwe
69%
959.38Guinea-Bissau
66%
1662.13Mozambique
66%
1361.05Eswatini
63%
858.75Côte d'Ivoire
60%
1059.82Equatorial Guinea
56%

Score Distribution

Percentile by Number Answered

Percent of People with Each Score

Your Score History

You have not taken this quiz